<?xml version='1.0' encoding='UTF-8'?>
  <record xmlns="http://www.loc.gov/MARC21/slim">
    <leader>00000cam a2200000Mi 4500</leader>
    <controlfield tag="001">ocm68254123</controlfield>
    <controlfield tag="003">OCoLC</controlfield>
    <controlfield tag="005">20240617063412.3</controlfield>
    <controlfield tag="008">971125s1566    fr            000 0 lat d</controlfield>
    <datafield tag="040" ind1=" " ind2=" ">
      <subfield code="a">NLGGC</subfield>
      <subfield code="b">eng</subfield>
      <subfield code="e">rda</subfield>
      <subfield code="e">dcrmr</subfield>
      <subfield code="c">NLGGC</subfield>
      <subfield code="d">OCLCL</subfield>
      <subfield code="d">QGJ</subfield>
    </datafield>
    <datafield tag="066" ind1=" " ind2=" ">
      <subfield code="c">(S</subfield>
    </datafield>
    <datafield tag="029" ind1="0" ind2=" ">
      <subfield code="a">NLGGC</subfield>
      <subfield code="b">163690545</subfield>
    </datafield>
    <datafield tag="035" ind1=" " ind2=" ">
      <subfield code="a">(OCoLC)68254123</subfield>
    </datafield>
    <datafield tag="100" ind1="1" ind2=" ">
      <subfield code="a">Erythraeus, Valentinus,</subfield>
      <subfield code="d">1521-1576,</subfield>
      <subfield code="e">author.</subfield>
      <subfield code="4">aut</subfield>
      <subfield code="1">https://id.oclc.org/worldcat/entity/E39PBJhMppbh7kfpgkdDqHDyVC</subfield>
    </datafield>
    <datafield tag="245" ind1="1" ind2="0">
      <subfield code="a">De vsu decem categoriarum, in simplici quaestione, per eas, ducenda, kat'ekfrasin dialektikēn :</subfield>
      <subfield code="b">paradeigma, seu, Exemplum huius Deductionis, non personae, aut rei: sed actionis, Coena Dominica /</subfield>
      <subfield code="c">autore Valentino Erythraeo, Lindaviensi.</subfield>
    </datafield>
    <datafield tag="246" ind1="3" ind2=" ">
      <subfield code="a">De vsv decem categoriarum, in simplici quaestione, per eas, ducenda, kat'ekfrasin dialektikēn</subfield>
    </datafield>
    <datafield tag="246" ind1="3" ind2=" ">
      <subfield code="a">De usu decem categoriarum, in simplici quaestione, per eas, ducenda, kat'ekfrasin dialektikēn</subfield>
    </datafield>
    <datafield tag="264" ind1=" " ind2="1">
      <subfield code="a">Argentorati :</subfield>
      <subfield code="b">apud Christianum Mylium,</subfield>
      <subfield code="c">1566.</subfield>
    </datafield>
    <datafield tag="300" ind1=" " ind2=" ">
      <subfield code="a">[48], 602, [2] pages ;</subfield>
      <subfield code="c">16 cm (8vo)</subfield>
    </datafield>
    <datafield tag="336" ind1=" " ind2=" ">
      <subfield code="a">text</subfield>
      <subfield code="b">txt</subfield>
      <subfield code="2">rdacontent</subfield>
    </datafield>
    <datafield tag="337" ind1=" " ind2=" ">
      <subfield code="a">unmediated</subfield>
      <subfield code="b">n</subfield>
      <subfield code="2">rdamedia</subfield>
    </datafield>
    <datafield tag="338" ind1=" " ind2=" ">
      <subfield code="a">volume</subfield>
      <subfield code="b">nc</subfield>
      <subfield code="2">rdacarrier</subfield>
    </datafield>
    <datafield tag="340" ind1=" " ind2=" ">
      <subfield code="m">8vo</subfield>
      <subfield code="2">rdabf</subfield>
    </datafield>
    <datafield tag="500" ind1=" " ind2=" ">
      <subfield code="a">"kat'ekfrasin dialektikēn" and "paradeigma" in Greek scripts.</subfield>
    </datafield>
    <datafield tag="500" ind1=" " ind2=" ">
      <subfield code="a">List of errata on last 2 pages.</subfield>
    </datafield>
    <datafield tag="500" ind1=" " ind2=" ">
      <subfield code="a">Initial. printed marginalia.</subfield>
    </datafield>
    <datafield tag="510" ind1="4" ind2=" ">
      <subfield code="a">Verzeichnis der im deutschen Sprachbereich erschienenen Drucke des 16. Jahrhunderts (VD 16),</subfield>
      <subfield code="c">E 3910</subfield>
      <subfield code="u">https://gateway-bayern.de/VD16+E+3910</subfield>
    </datafield>
    <datafield tag="650" ind1=" " ind2="0">
      <subfield code="a">Lord's Supper</subfield>
      <subfield code="v">Early works to 1800.</subfield>
    </datafield>
    <datafield tag="650" ind1=" " ind2="6">
      <subfield code="a">Eucharistie</subfield>
      <subfield code="v">Ouvrages avant 1800.</subfield>
    </datafield>
    <datafield tag="700" ind1="0" ind2=" ">
      <subfield code="a">Christoph,</subfield>
      <subfield code="c">Duke of Württemberg,</subfield>
      <subfield code="d">1515-1568,</subfield>
      <subfield code="e">dedicatee.</subfield>
      <subfield code="4">dte</subfield>
    </datafield>
    <datafield tag="700" ind1="1" ind2=" ">
      <subfield code="a">Mylius, Christian,</subfield>
      <subfield code="d">active 1551-1568,</subfield>
      <subfield code="e">printer.</subfield>
      <subfield code="4">prt</subfield>
    </datafield>
    <datafield tag="752" ind1=" " ind2=" ">
      <subfield code="a">France</subfield>
      <subfield code="d">Strasbourg,</subfield>
      <subfield code="e">publication place.</subfield>
      <subfield code="4">pup</subfield>
    </datafield>
    <datafield tag="758" ind1=" " ind2=" ">
      <subfield code="a">De usu decem categoriarum, in simplici quaestione, per eas, ducenda, kat'ekfrasin dialektikēn (Text)</subfield>
      <subfield code="1">https://id.oclc.org/worldcat/entity/E39PCXpjXtrg3YyGf6TFjCcbHP</subfield>
      <subfield code="4">https://id.oclc.org/worldcat/ontology/hasWork</subfield>
    </datafield>
    <datafield tag="880" ind1=" " ind2=" ">
      <subfield code="6">500-00/(S</subfield>
      <subfield code="a">Signatures: α-β⁸ A-Z⁸ a-q⁸; α1v, and q7-8 are blank;  B5 signed A5.</subfield>
    </datafield>
  </record>